Normal view
MARC view
- Hasan Javed,Syed
Entry Personal Name
001 - CONTROL NUMBER
- control field: 72509
003 - CONTROL NUMBER IDENTIFIER
- control field: NUST
005 - DATE AND TIME OF LATEST TRANSACTION
- control field: 20210628204818.0
008 - FIXED-LENGTH DATA ELEMENTS
- fixed length control field: 210628|| aca||aabn | a|a d
040 ## - CATALOGING SOURCE
- Original cataloging agency: NUST
- Transcribing agency: NUST
100 ## - HEADING--PERSONAL NAME
- Personal name: Hasan Javed,Syed
670 ## - SOURCE DATA FOUND
- Source citation: Work cat.: (NUST): Hasan Javed,Syed, National building paradoxes in india and pakistan, 2018
